|
|
|
|
| LEADER |
00000cam a2200000 a 4500 |
| 001 |
vtls009352923 |
| 003 |
SK-MaSNL |
| 005 |
20260301081836.0 |
| 008 |
160216s2008 xo ol fr 100 0 slo |
| 020 |
|
|
|a 9788080941994 (brož.)
|
| 035 |
|
|
|a 8EEF87D8-918A-42B8-A360-369D9DB4E278
|
| 035 |
|
|
|a urn:nbn:sk:snk-amk7xr
|
| 035 |
|
|
|a urn:nbn:sk:snk-am008enz
|
| 040 |
|
|
|a SNK
|b slo
|c SNK
|e AACR2
|
| 041 |
0 |
|
|a slo
|
| 044 |
|
|
|a xo
|c SK
|
| 072 |
|
7 |
|a 781
|x Hudobná teória
|2 konspekt
|
| 080 |
|
|
|a 781.2
|2 2001
|
| 080 |
|
|
|a (063)
|2 2001
|
| 111 |
2 |
|
|a Hudba, integrácie, interpretácie
|n (11. :
|d 2007 :
|c Nitra, Slovensko)
|9 151943
|
| 245 |
1 |
0 |
|a Hudba, integrácie, interpretácie 11
|b [zborník štúdií z medzinárodnej vedeckej konferencie]
|p Mediálne a komunikačné aspekty hudby 6.11.2007 - 7.11.2007 v Nitre
|c [Editor Jozef Vereš]
|
| 246 |
1 |
1 |
|a Music, integration, interpretation 11
|b Collection of the essazs from internatinal scientific conference
|p Media and communication aspects of music 6.11.2007 - 7.11.2007 in Nitra
|
| 246 |
3 |
0 |
|a Media and communication aspects of music 6.11.2007 - 7.11.2007 in Nitra
|
| 250 |
|
|
|a [1. vyd.]
|
| 260 |
|
|
|a Nitra
|b Pedagogická fakulta Univerzity Konštantína Filozofa
|c 2008
|
| 300 |
|
|
|a 313 s.
|b fotogr. (prevaž. fareb.)
|c 21 cm
|
| 366 |
|
|
|e 150 výt.
|
| 500 |
|
|
|a Názov z obalu
|
| 500 |
|
|
|a Zborník je kontinuálnym pokračovaním predchádzajúcej série pod názvom Hudobno-pedagogické interpretácie
|
| 504 |
|
|
|a Bibliogr. odkazy
|
| 650 |
0 |
7 |
|a hudba
|2 SNKPH
|9 1063
|
| 650 |
0 |
7 |
|a hudobná teória
|2 SNKPH
|9 3203
|
| 655 |
|
7 |
|a zborníky konferencií
|2 SNKPH
|9 70153
|
| 700 |
1 |
|
|a Vereš, Jozef,
|d 1946-
|4 edt
|9 177457
|
| 852 |
|
|
|a Štátna vedecká knižnica v Banskej Bystrici
|
| 919 |
|
|
|a 978-80-8094-199-4
|
| 958 |
|
|
|a OND
|
| 958 |
|
|
|a NB
|
| 968 |
|
|
|d 78
|
| 999 |
|
|
|c 656994
|d 658924
|
| 952 |
|
|
|a SNK
|b SNK
|y PREZ
|7 0
|p 17A0620717
|o snkSC 135634
|i snk2009/8764
|8 0
|0 0
|1 0
|4 0
|d 2009-05-14
|f 1
|l 0
|r 2025-07-02 00:00:00
|w 2026-02-23
|
| 952 |
|
|
|a SNK
|b SNK
|y VYP
|7 0
|p 17A0620716
|o snkSC 135634 D1
|i snk2009/8765
|8 0
|0 0
|1 0
|4 0
|d 2009-05-14
|l 0
|r 2026-02-23 18:41:29
|w 2026-02-23
|